LIBRARY & INFORMATION CENTRE, KCAET, TAVANUR

ONLINE PUBLIC ACCESS CATALOGUE (OPAC)

Kinaviloru yathra / (Record no. 5820)

MARC details
000 -LEADER
fixed length control field 00386cam a2200169ua 4500
041 ## - LANGUAGE CODE
Language code of text/sound track or separate title mal
082 ## - DEWEY DECIMAL CLASSIFICATION NUMBER
Classification number 894.8124
Item number MRB/KI
100 ## - MAIN ENTRY--AUTHOR NAME
Personal name M R B, .
245 ## - TITLE STATEMENT
Title Kinaviloru yathra /
260 ## - PUBLICATION, DISTRIBUTION, ETC. (IMPRINT)
Place of publication Thrissur :
Name of publisher Current Books ,
Year of publication 1963.
300 ## - PHYSICAL DESCRIPTION
Number of Pages 64 ; .
942 ## - ADDED ENTRY ELEMENTS (KOHA)
Koha item type Books
Holdings
Withdrawn status Lost status Damaged status Home library Current library Date acquired Full call number Accession Number Koha item type
Withdrawn     KAUAET Sanskrit University 07/04/2012 894.8124 2232 Books
free website counter